000 00608nam a2200253Ia 4500
003 OSt
005 20220912145639.0
006 a|||||r|||| 00| 0
007 ta
008 220909b |||||||| |||| 00| 0 eng d
024 _a72315
037 _cAnnuals, Advances
040 _aCSL
_beng
_cCSL
041 _aeng
082 _aL:4:691g, H3
100 _aPreu P W
245 0 _aOutline of psychiatric case study
250 _a2
260 _c1943
300 _ap.
_ccm.
650 _aRadiotherapy
942 _hL:4:691g, H3
_cREF
_2CC
999 _c35542
_d35542